[Event "CAN-op"]
[Site "Winnipeg CAN"]
[Date "1994.07.15"]
[Round "8"]
[White "Jung, Hans"]
[Black "O'Donnell, Tom"]
[Result "0-1"]
[WhiteElo "2197"]
[BlackElo "2397"]
[PlyCount "137"]
[GameId "2160767912210703"]
[EventDate "1994.07.09"]
[EventType "swiss"]
[EventRounds "10"]
[EventCountry "CAN"]
[SourceTitle "EXT 97"]
[Source "ChessBase"]
[SourceDate "1997.11.17"]
[SourceVersion "1"]
[SourceVersionDate "1997.11.17"]
[SourceQuality "1"]

1. e4 c5 2. Nf3 d6 3. h3 Nf6 4. c3 e6 5. Be2 Nc6 6. d3 Be7 7. Be3 O-O 8. Nbd2 b6 9. O-O Bb7 10. d4 d5 11. e5 Ne4 12. Bd3 cxd4 13. Bxd4 Nc5 14. Bb1 Ba6 15. Bxc5 bxc5 16. Re1 Rb8 17. Qc2 g6 18. h4 Qc7 19. h5 c4 20. Nf1 Rfd8 21. Qd2 Bf8 22. Qg5 Rxb2 23. hxg6 fxg6 24. Bxg6 Qg7 25. Bb1 Bc5 26. Ne3 d4 27. cxd4 Bxd4 28. Qh4 Rbb8 29. Ng5 Rxb1 30. Raxb1 Nxe5 31. Ng4 Nxg4 32. Qxg4 Rf8 33. Rf1 Kh8 34. Qxe6 Qxg5 35. Qxa6 Qh4 36. Qa3 Bxf2+ 37. Rxf2 Qxf2+ 38. Kh1 Qh4+ 39. Kg1 Qd4+ 40. Kh1 Qh4+ 41. Kg1 Qd4+ 42. Kh1 Rf4 43. Rb8+ Kg7 44. Qe7+ Kh6 45. Qe6+ Qf6 46. Qxf6+ Rxf6 47. Rc8 Ra6 48. Rxc4 Rxa2 49. Rg4 Rf2 50. Rg8 a5 51. Kh2 a4 52. Ra8 Rf4 53. g3 Rb4 54. Kh3 Kg5 55. Ra5+ Kf6 56. g4 Ke6 57. Ra7 Kd5 58. Rxh7 Kc4 59. Ra7 Kb3 60. Kh4 a3 61. Rxa3+ Kxa3 62. Kh5 Rb8 63. Kg6 Rg8+ 64. Kf5 Kb4 65. g5 Kc5 66. g6 Kd6 67. Kf6 Rf8+ 68. Kg7 Ke7 69. Kh7 0-1

[Event "CAN-op"]
[Site "Winnipeg CAN"]
[Date "1994.07.17"]
[Round "10"]
[White "O'Donnell, Tom"]
[Black "Arnason, Jon"]
[Result "1/2-1/2"]
[WhiteElo "2397"]
[BlackElo "2525"]
[PlyCount "58"]
[GameId "2160767912210752"]
[EventDate "1994.07.09"]
[EventType "swiss"]
[EventRounds "10"]
[EventCountry "CAN"]
[SourceTitle "GER-Base: Bayern"]
[Source "Norbert Lukas"]
[SourceDate "1999.09.22"]
[SourceVersion "1"]
[SourceVersionDate "1999.09.22"]
[SourceQuality "1"]

1. e4 c5 2. c3 d6 3. d4 Nf6 4. Bd3 Nc6 5. Ne2 g6 6. O-O Bg7 7. h3 O-O 8. Be3 Nd7 9. Nd2 e5 10. Nf3 cxd4 11. cxd4 Re8 12. Re1 exd4 13. Nexd4 Nxd4 14. Bxd4 Bxd4 15. Nxd4 Qb6 16. Bc4 Nf6 17. Nf3 Be6 18. Rc1 Qxb2 19. Rb1 Qa3 20. Bxe6 Rxe6 21. Rxb7 Qc5 22. Qa4 a5 23. Rb5 Qc3 24. e5 dxe5 25. Rbxe5 Rxe5 26. Rxe5 Kg7 27. Qd4 Qxd4 28. Nxd4 Rb8 29. Rb5 Rd8 1/2-1/2

[Event "Groupe Commerce"]
[Site "Thetford Mines CAN"]
[Date "1994.07.02"]
[Round "2"]
[White "Morin, Louis"]
[Black "O'Donnell, Tom"]
[Result "0-1"]
[WhiteElo "2036"]
[BlackElo "2386"]
[PlyCount "74"]
[GameId "2160767912210765"]
[EventDate "1994.07.01"]
[EventType "swiss"]
[EventRounds "5"]
[EventCountry "CAN"]
[SourceTitle "hb 2013"]

1. d4 d5 2. c4 e6 3. Nc3 c6 4. cxd5 exd5 5. Nf3 Bf5 6. Bg5 Be7 7. Bxe7 Nxe7 8. e3 O-O 9. Bd3 Nd7 10. Qc2 Bxd3 11. Qxd3 a5 12. b3 Nc8 13. O-O Nd6 14. a3 Qe7 15. b4 axb4 16. axb4 b5 17. Rxa8 Rxa8 18. Rb1 g6 19. Nd2 f5 20. Qf1 Nb6 21. Ra1 Ra7 22. Rxa7 Qxa7 23. Qb1 Qa3 24. Ne2 Nbc4 25. Nf1 Nb2 26. Qc1 Ndc4 27. Qc3 Nd3 28. f3 Nxb4 29. Qxa3 Nxa3 30. Nfg3 Na2 31. e4 b4 32. Nf4 b3 33. Nd3 fxe4 34. fxe4 Nc1 35. Nb2 Nc4 36. exd5 cxd5 37. Nxc4 dxc4 0-1

[Event "Groupe Commerce"]
[Site "Thetford Mines CAN"]
[Date "1994.07.02"]
[Round "3"]
[White "O'Donnell, Tom"]
[Black "Tremblay, Sylvain"]
[Result "1-0"]
[WhiteElo "2333"]
[BlackElo "2111"]
[PlyCount "45"]
[GameId "2160767912210768"]
[EventDate "1994.07.01"]
[EventType "swiss"]
[EventRounds "5"]
[EventCountry "CAN"]
[SourceTitle "EXT 2022"]
[Source "ChessBase"]
[SourceDate "2021.10.06"]
[SourceVersion "1"]
[SourceVersionDate "2021.10.06"]
[SourceQuality "1"]

1. e4 d5 2. exd5 Qxd5 3. Nc3 Qa5 4. d4 Nf6 5. Nf3 Nc6 6. Bb5 Bd7 7. O-O O-O-O 8. Bd2 a6 9. a4 Qb6 10. a5 Qa7 11. Bxc6 Bxc6 12. Ne5 Be8 13. Be3 e6 14. Qf3 Qb8 15. Rfd1 Bd6 16. Nc4 Bc6 17. d5 exd5 18. Qf5+ Bd7 19. Nxd6+ cxd6 20. Qg5 Rhg8 21. Bb6 Rde8 22. Nxd5 Re5 23. Qxe5 1-0

[Event "Quebec-ch"]
[Site "Montreal CAN"]
[Date "1994.05.30"]
[Round "1"]
[White "Moisan-Plante, Marc-Olivier"]
[Black "O'Donnell, Tom"]
[Result "0-1"]
[WhiteElo "2035"]
[BlackElo "2385"]
[PlyCount "42"]
[GameId "2160767912210810"]
[EventDate "1994.05.30"]
[EventType "tourn"]
[EventRounds "9"]
[EventCountry "CAN"]
[SourceTitle "EXT 94ch"]

1. e4 c5 2. Nc3 Nc6 3. f4 d6 4. Nf3 Bg4 5. Bb5 e6 6. Bxc6+ bxc6 7. O-O d5 8. e5 Nh6 9. d3 Nf5 10. h3 Bxf3 11. Qxf3 Be7 12. b3 O-O 13. Ba3 f6 14. Rfe1 fxe5 15. fxe5 Nd4 16. Qd1 Bh4 17. Rf1 Rxf1+ 18. Kxf1 Qf8+ 19. Kg1 Qf2+ 20. Kh1 Nxc2 21. Bxc5 Qxc5 0-1

[Event "Quebec-ch"]
[Site "Montreal CAN"]
[Date "1994.06.02"]
[Round "4"]
[White "Barbeau, Sylvain"]
[Black "O'Donnell, Tom"]
[Result "1-0"]
[WhiteElo "2380"]
[BlackElo "2385"]
[PlyCount "31"]
[GameId "2160767912210821"]
[EventDate "1994.05.30"]
[EventType "tourn"]
[EventRounds "9"]
[EventCountry "CAN"]
[SourceTitle "EXT 94ch"]

1. e4 g6 2. Nc3 d6 3. f4 Bg7 4. Nf3 c5 5. Bc4 Nc6 6. O-O e6 7. d3 Nge7 8. Qe1 O-O 9. Bb3 d5 10. Qh4 Nd4 11. f5 exf5 12. Nxd4 Bxd4+ 13. Kh1 c4 14. dxc4 Bxc3 15. bxc3 dxe4 16. Bg5 1-0

[Event "Quebec-ch"]
[Site "Montreal CAN"]
[Date "1994.06.03"]
[Round "5"]
[White "O'Donnell, Tom"]
[Black "Koliada, Timour"]
[Result "1/2-1/2"]
[WhiteElo "2385"]
[BlackElo "2355"]
[PlyCount "115"]
[GameId "2160767912210830"]
[EventDate "1994.05.30"]
[EventType "tourn"]
[EventRounds "9"]
[EventCountry "CAN"]
[SourceTitle "EXT 94ch"]

1. e4 c5 2. Nf3 e6 3. d4 cxd4 4. Nxd4 Nf6 5. Bd3 Nc6 6. Nxc6 bxc6 7. c4 d5 8. cxd5 cxd5 9. e5 Nd7 10. Bf4 Qa5+ 11. Nd2 Qb4 12. Bg3 Qxb2 13. O-O Be7 14. Kh1 O-O 15. f4 f5 16. exf6 Qxf6 17. Nf3 Nc5 18. Bh4 Qf7 19. Ng5 Qe8 20. Bxh7+ Kh8 21. Qc2 Rf6 22. Nf3 Ba6 23. Ne5 Bxf1 24. Rxf1 Qa4 25. Qb1 Ne4 26. Bxe4 Qxe4 27. Bxf6 Bxf6 28. Qb7 Re8 29. Qf7 Rc8 30. Qxe6 Rc2 31. Qe8+ Kh7 32. Qh5+ Kg8 33. Nf3 Rxa2 34. h4 Rb2 35. Qg4 Rb1 36. Rxb1 Qxb1+ 37. Kh2 Qb4 38. h5 d4 39. h6 d3 40. hxg7 a5 41. Kg3 a4 42. Qd7 a3 43. Qa7 Qe7 44. Qa6 Kxg7 45. Kg4 Qd7+ 46. Kg3 Bb2 47. Qa5 Kf6 48. Ne5 Qe6 49. Qd8+ Kg7 50. Qg5+ Kh7 51. Qh5+ Kg8 52. Qg5+ Kf8 53. Qd8+ Kg7 54. Qg5+ Kh7 55. Qh5+ Kg8 56. Qg5+ Kf8 57. Qd8+ Kg7 58. Qg5+ 1/2-1/2

[Event "Quebec-ch"]
[Site "Montreal CAN"]
[Date "1994.06.08"]
[Round "8"]
[White "Beregovoy, Alexander"]
[Black "O'Donnell, Tom"]
[Result "1-0"]
[WhiteElo "2305"]
[BlackElo "2385"]
[PlyCount "107"]
[GameId "2160767912210842"]
[EventDate "1994.05.30"]
[EventType "tourn"]
[EventRounds "9"]
[EventCountry "CAN"]
[SourceTitle "EXT 94ch"]

1. d4 g6 2. Nf3 d6 3. Bf4 Bg7 4. e3 f5 5. c3 Nf6 6. Bc4 e6 7. h3 O-O 8. Nbd2 Qe7 9. O-O Nbd7 10. Bh2 Ne4 11. Qc2 Ndf6 12. Bd3 d5 13. c4 c6 14. Ne5 Bd7 15. b4 g5 16. a4 Be8 17. b5 h5 18. bxc6 bxc6 19. c5 g4 20. Bxe4 fxe4 21. Bf4 gxh3 22. gxh3 Nd7 23. Nxc6 Qh4 24. Kg2 Rxf4 25. exf4 Nf8 26. Ne5 Qxf4 27. Ra3 h4 28. Qc3 Ng6 29. Ng4 Bc6 30. Qe3 Rd8 31. Rg1 Kh7 32. Kf1 Qf5 33. Ne5 Bh6 34. Qxh6+ Kxh6 35. Rxg6+ Kh7 36. Rg4 Be8 37. Rxh4+ Bh5 38. Rg3 Rf8 39. Ng4 e3 40. Nf3 Qb1+ 41. Kg2 Rxf3 42. Rxh5+ Kg6 43. Rh6+ Kg7 44. Rxf3 e2 45. Rxe6 e1=N+ 46. Rxe1 Qxe1 47. c6 Qc1 48. Ne5 Kh6 49. Rf7 a5 50. c7 Qc2 51. Rf6+ Kg5 52. Rc6 Qe4+ 53. Nf3+ Kh5 54. c8=Q 1-0

[Event "Toronto op"]
[Site "Toronto CAN"]
[Date "1994.04.??"]
[Round "?"]
[White "O'Donnell, Tom"]
[Black "Vranesic, Zvonko"]
[Result "1-0"]
[WhiteElo "2450"]
[BlackElo "2336"]
[PlyCount "55"]
[GameId "2160767912219293"]
[EventDate "1994.04.01"]
[EventType "swiss"]
[EventRounds "6"]
[EventCountry "CAN"]
[SourceTitle "CFC 1994.06"]
[SourceDate "2011.01.01"]
[SourceVersion "1"]
[SourceVersionDate "2011.01.01"]
[SourceQuality "1"]

1. e4 c5 2. c3 Nf6 3. e5 Nd5 4. d4 cxd4 5. Nf3 e6 6. cxd4 b6 7. Nc3 Nxc3 8. bxc3 Qc7 9. Be2 Bb7 10. O-O d6 11. Bf4 Nd7 12. Re1 Be7 13. d5 O-O-O 14. dxe6 Nxe5 15. exf7 Rhf8 16. Nxe5 dxe5 17. Bxe5 Bd6 18. Bg4+ Kb8 19. Bxd6 Rxd6 20. Re8+ Rd8 21. Qxd8+ Qxd8 22. Rxd8+ Rxd8 23. Rd1 Rf8 24. Rd7 Bc6 25. Re7 a5 26. h4 g6 27. h5 b5 28. hxg6 1-0

[Event "RA Spring op"]
[Site "Ottawa CAN"]
[Date "1994.03.12"]
[Round "3"]
[White "O'Donnell, Tom"]
[Black "Pacey, Kevin"]
[Result "1-0"]
[WhiteElo "2427"]
[BlackElo "2286"]
[PlyCount "45"]
[GameId "2160767912219354"]
[EventDate "1994.03.12"]
[EventType "swiss"]
[EventRounds "5"]
[EventCountry "CAN"]
[SourceTitle "EXT 2022"]
[Source "ChessBase"]
[SourceDate "2021.10.06"]
[SourceVersion "1"]
[SourceVersionDate "2021.10.06"]
[SourceQuality "1"]

1. e4 e6 2. d4 d5 3. Nd2 c5 4. exd5 exd5 5. Ngf3 Nc6 6. Bb5 Bd6 7. dxc5 Bxc5 8. O-O Nge7 9. Nb3 Bd6 10. c3 O-O 11. Bd3 h6 12. h3 Qc7 13. Re1 a6 14. Bc2 Rd8 15. Nbd4 Ne5 16. Nxe5 Bxe5 17. Be3 Bd7 18. Qh5 Bf6 19. Bxh6 gxh6 20. Qxh6 Ng6 21. Bxg6 fxg6 22. Qxg6+ Bg7 23. Re7 1-0

[Event "Pere Noel"]
[Site "Montreal CAN"]
[Date "1993.12.26"]
[Round "1"]
[White "O'Donnell, Tom"]
[Black "Parent, Francois"]
[Result "1-0"]
[WhiteElo "2393"]
[BlackElo "1947"]
[PlyCount "63"]
[GameId "2160767912261442"]
[EventDate "1993.12.26"]
[EventType "swiss"]
[EventRounds "5"]
[EventCountry "CAN"]
[SourceTitle "hb 2013"]

1. e4 e5 2. Nf3 Nc6 3. Bb5 a6 4. Bxc6 dxc6 5. O-O Bg4 6. h3 h5 7. d3 Qf6 8. Nbd2 g5 9. Nc4 Bxf3 10. Qxf3 Qxf3 11. gxf3 f6 12. h4 gxh4 13. f4 b5 14. Na5 Kd7 15. f5 Nh6 16. Kh2 Ng4+ 17. Kh3 Bc5 18. f3 Nf2+ 19. Kh2 Rag8 20. Nb3 Bb6 21. d4 Ng4+ 22. fxg4 hxg4 23. Be3 g3+ 24. Kh3 g2 25. Rf3 exd4 26. Nxd4 Rg3+ 27. Rxg3 hxg3+ 28. Kxg3 Re8 29. Kf3 c5 30. Ne6 Rg8 31. Rd1+ Kc6 32. Nd8+ 1-0

[Event "Pere Noel"]
[Site "Montreal CAN"]
[Date "1993.12.27"]
[Round "2"]
[White "Desforges, Jean"]
[Black "O'Donnell, Tom"]
[Result "0-1"]
[WhiteElo "1972"]
[BlackElo "2393"]
[PlyCount "56"]
[GameId "2160767912261446"]
[EventDate "1993.12.26"]
[EventType "swiss"]
[EventRounds "5"]
[EventCountry "CAN"]
[SourceTitle "hb 2013"]

1. d4 d5 2. c4 e6 3. Nf3 c6 4. e3 Nd7 5. Nc3 Ngf6 6. Bd3 dxc4 7. Bxc4 b5 8. Be2 Be7 9. O-O O-O 10. b3 Bb7 11. Bb2 a6 12. Rc1 Rc8 13. Ne5 c5 14. Nxd7 Nxd7 15. dxc5 Nxc5 16. b4 Nd7 17. a4 Bxb4 18. axb5 axb5 19. Nxb5 Qg5 20. e4 Bxe4 21. f3 Bd5 22. Nc7 Bc5+ 23. Rxc5 Nxc5 24. Nxd5 Qxd5 25. Qa1 Nb3 26. Qa6 Qd2 27. Rb1 Rc2 28. Ba3 Qe3+ 0-1

[Event "Pere Noel"]
[Site "Montreal CAN"]
[Date "1993.12.30"]
[Round "5"]
[White "Picard, Claude"]
[Black "O'Donnell, Tom"]
[Result "0-1"]
[WhiteElo "1981"]
[BlackElo "2393"]
[PlyCount "102"]
[GameId "2160767912261493"]
[EventDate "1993.12.26"]
[EventType "swiss"]
[EventRounds "5"]
[EventCountry "CAN"]
[SourceTitle "hb 2013"]

1. d4 d5 2. c4 c6 3. Nf3 e6 4. cxd5 exd5 5. Nc3 Bf5 6. Bg5 Be7 7. Bxe7 Nxe7 8. e3 O-O 9. Bd3 a5 10. Qc2 Bxd3 11. Qxd3 Nd7 12. h4 Nc8 13. O-O-O Re8 14. e4 dxe4 15. Nxe4 Nf8 16. Ne5 Nd6 17. Nxd6 Qxd6 18. Kb1 Qd5 19. h5 Rad8 20. Rh3 f6 21. Ng4 Qe4 22. Rg3 Kf7 23. Kc1 Qxd3 24. Rgxd3 Ne6 25. Ne3 Nf4 26. R3d2 Nxh5 27. d5 cxd5 28. Rxd5 Rxd5 29. Rxd5 Nf4 30. Rxa5 Nd3+ 31. Kd2 Nxf2 32. Nc4 Re7 33. Rb5 Ne4+ 34. Kd3 g5 35. b4 h5 36. a4 h4 37. a5 Kg6 38. Ne5+ Rxe5 39. Rxb7 Nc5+ 40. bxc5 Rxc5 41. a6 Ra5 42. a7 Kh5 43. Ke2 Kg4 44. Kf2 f5 45. Rc7 Ra2+ 46. Kg1 h3 47. Kh1 hxg2+ 48. Kh2 f4 49. Re7 g1=Q+ 50. Kxg1 Kg3 51. Kf1 f3 0-1

[Event "Outaouais op"]
[Site "Gatineau CAN"]
[Date "1993.10.23"]
[Round "2"]
[White "O'Donnell, Tom"]
[Black "Cote, Jacques"]
[Result "1-0"]
[WhiteElo "2396"]
[BlackElo "1917"]
[PlyCount "49"]
[GameId "2160767912261590"]
[EventDate "1993.10.22"]
[EventType "swiss"]
[EventRounds "5"]
[EventCountry "CAN"]
[SourceTitle "Echec+ 1994.01"]

1. e4 e5 2. Nf3 Nc6 3. Bb5 f5 4. d3 fxe4 5. dxe4 Nf6 6. O-O d6 7. Nc3 Bg4 8. Qd3 a6 9. Ba4 b5 10. Bb3 Nd4 11. Nxd4 exd4 12. Nd5 c6 13. Nxf6+ Qxf6 14. a4 b4 15. Bd2 a5 16. c3 dxc3 17. bxc3 Rb8 18. cxb4 axb4 19. Qc4 Kd7 20. Rac1 c5 21. Qa6 Qd8 22. e5 Qc7 23. Qc4 Bh5 24. Qe6+ Kc6 25. Rxc5+ 1-0

[Event "Outaouais op"]
[Site "Gatineau CAN"]
[Date "1993.10.23"]
[Round "3"]
[White "Jobin, Gilles G"]
[Black "O'Donnell, Tom"]
[Result "0-1"]
[WhiteElo "1835"]
[BlackElo "2396"]
[PlyCount "100"]
[GameId "2160767912269788"]
[EventDate "1993.10.22"]
[EventType "swiss"]
[EventRounds "5"]
[EventCountry "CAN"]
[SourceTitle "Matou #27"]

1. d4 d5 2. Nf3 c6 3. e3 Bf5 4. c4 e6 5. Nc3 Nf6 6. Bd3 Bxd3 7. Qxd3 Nbd7 8. O-O Bd6 9. e4 dxe4 10. Nxe4 Nxe4 11. Qxe4 O-O 12. Re1 Re8 13. Bd2 Nf6 14. Qh4 Qe7 15. Bg5 h6 16. Bxf6 Qxf6 17. Qxf6 gxf6 18. Rad1 Rad8 19. h3 Re7 20. a3 Red7 21. Kf1 Bc5 22. Re4 e5 23. b4 Bxd4 24. Nxd4 b6 25. c5 bxc5 26. bxc5 Rd5 27. Rd3 exd4 28. Rg4+ Kf8 29. Ke2 Re5+ 30. Kd2 Rxc5 31. Rgxd4 Rxd4 32. Rxd4 Rd5 33. Kc3 Rxd4 34. Kxd4 Ke7 35. f4 Kd6 36. g4 f5 37. gxf5 c5+ 38. Kc4 a6 39. a4 f6 40. h4 h5 41. Kc3 a5 42. Kc4 Kc6 43. Kc3 Kd5 44. Kd3 c4+ 45. Kc3 Kc5 46. Kc2 Kb4 47. Kb2 c3+ 48. Kc2 Kc4 49. Kc1 Kb3 50. Kb1 Kxa4 0-1

[Event "Outaouais op"]
[Site "Gatineau CAN"]
[Date "1993.10.23"]
[Round "3"]
[White "Leger, Manon"]
[Black "O'Donnell, Tom"]
[Result "0-1"]
[WhiteElo "1805"]
[BlackElo "2396"]
[PlyCount "56"]
[GameId "2160767912269789"]
[EventDate "1993.10.22"]
[EventType "swiss"]
[EventRounds "5"]
[EventCountry "CAN"]
[SourceTitle "Matou #27"]

1. e4 c5 2. Nf3 d6 3. d4 cxd4 4. Nxd4 Nf6 5. Nc3 Nc6 6. Be2 e5 7. Ndb5 a6 8. Na3 h6 9. f3 Be6 10. Nc4 Be7 11. Be3 b5 12. Nb6 Rb8 13. Ncd5 O-O 14. Nxf6+ Bxf6 15. O-O Ne7 16. f4 exf4 17. Bxf4 b4 18. Nd5 Bxd5 19. exd5 Bxb2 20. Rb1 Bc3 21. Bxa6 Qb6+ 22. Kh1 Qxa6 23. Qh5 Rb5 24. Qe2 Nxd5 25. Bxh6 gxh6 26. Rf5 Ne7 27. Qg4+ Bg7 28. Rbf1 Rxf5 0-1

[Event "Outaouais op"]
[Site "Gatineau CAN"]
[Date "1993.10.24"]
[Round "5"]
[White "O'Donnell, Tom"]
[Black "Desforges, Jean"]
[Result "1-0"]
[WhiteElo "2396"]
[BlackElo "2005"]
[PlyCount "85"]
[GameId "2160767912269800"]
[EventDate "1993.10.22"]
[EventType "swiss"]
[EventRounds "5"]
[EventCountry "CAN"]
[SourceTitle "Matou #27"]

1. e4 e5 2. Nf3 Nc6 3. Bb5 a6 4. Bxc6 dxc6 5. O-O f6 6. d4 exd4 7. Nxd4 c5 8. Nb3 Qxd1 9. Rxd1 Bd7 10. Bf4 O-O-O 11. Nc3 Be6 12. Rxd8+ Kxd8 13. Rd1+ Kc8 14. Nd5 Bxd5 15. Rxd5 b6 16. Nd2 Ne7 17. Rd3 Nc6 18. c3 Be7 19. Nc4 Re8 20. Ne3 Bf8 21. f3 Ne5 22. Bxe5 Rxe5 23. Kf2 g6 24. g4 Bh6 25. h4 Bxe3+ 26. Kxe3 Re6 27. Kf4 c6 28. h5 Kc7 29. hxg6 hxg6 30. g5 c4 31. Rd2 b5 32. Kg4 a5 33. gxf6 Rxf6 34. f4 c5 35. Kg5 Re6 36. e5 a4 37. a3 b4 38. Rd5 Re8 39. Rxc5+ Kd7 40. cxb4 Rh8 41. Rxc4 Rh2 42. Kxg6 Rxb2 43. Kf7 1-0

[Event "Quebec-ch amateur"]
[Site "Montreal CAN"]
[Date "1993.10.08"]
[Round "1"]
[White "O'Donnell, Tom"]
[Black "Gauthier, Raymond"]
[Result "1-0"]
[WhiteElo "2396"]
[BlackElo "2057"]
[PlyCount "45"]
[GameId "2160767912269832"]
[EventDate "1993.10.08"]
[EventType "swiss"]
[EventRounds "5"]
[EventCountry "CAN"]
[SourceTitle "hb 2013"]

1. e4 e5 2. Nf3 Nf6 3. Nxe5 d6 4. Nf3 Nxe4 5. c4 c6 6. Nc3 Nxc3 7. dxc3 Bf5 8. Bf4 Qf6 9. Be2 Nd7 10. Bg5 Qg6 11. O-O h6 12. Bh4 Be4 13. Re1 Ne5 14. Kh1 f6 15. Bg3 O-O-O 16. Nh4 Qh7 17. f4 Nd3 18. Bg4+ f5 19. Rxe4 fxg4 20. Qxd3 g5 21. Rae1 Kd7 22. fxg5 hxg5 23. Nf5 1-0

[Event "Quebec-ch amateur"]
[Site "Montreal CAN"]
[Date "1993.10.09"]
[Round "2"]
[White "Leriche, Felix"]
[Black "O'Donnell, Tom"]
[Result "1-0"]
[WhiteElo "2100"]
[BlackElo "2396"]
[PlyCount "87"]
[GameId "2160767912269842"]
[EventDate "1993.10.08"]
[EventType "swiss"]
[EventRounds "5"]
[EventCountry "CAN"]
[SourceTitle "Echec+ 1994.01"]

1. d4 d5 2. Bf4 Nf6 3. e3 c6 4. Bd3 Bg4 5. f3 Bh5 6. g4 Bg6 7. Ne2 e6 8. h4 c5 9. Bb5+ Ke7 10. dxc5 Qa5+ 11. Nbc3 a6 12. b4 Qxb4 13. Bd6+ Kd8 14. Rb1 Qa5 15. h5 Bxd6 16. cxd6 axb5 17. Rxb5 Qa7 18. hxg6 Qxe3 19. Rxb7 Nbd7 20. gxf7 d4 21. Qxd4 Qxf3 22. Rxd7+ Kxd7 23. Rf1 Qxg4 24. Qb6 Qh4+ 25. Kd1 Qc4 26. Qb7+ Kxd6 27. Rf4 Qc8 28. Nb5+ Kc5 29. Rc4+ Kxc4 30. Nd6+ Kc5 31. Nxc8 Raxc8 32. Qe7+ Kd5 33. Nf4+ Ke5 34. Nd3+ Kf5 35. Qd6 Rhd8 36. Qe5+ Kg6 37. Qxe6 h5 38. Kc1 Kg5 39. Qe5+ Kg4 40. Qf4+ Kh3 41. Ne5 Rc7 42. Ng6 Rxf7 43. Qf3+ Kh2 44. Nf4 1-0

[Event "Groupe Commerce"]
[Site "Thetford Mines CAN"]
[Date "1993.07.02"]
[Round "1"]
[White "Morin, Louis"]
[Black "O'Donnell, Tom"]
[Result "0-1"]
[WhiteElo "1940"]
[BlackElo "2344"]
[PlyCount "56"]
[GameId "2160767912278694"]
[EventDate "1993.07.02"]
[EventType "swiss"]
[EventRounds "5"]
[EventCountry "CAN"]
[SourceTitle "hb 2013"]

1. e4 c5 2. d4 cxd4 3. c3 Nf6 4. e5 Nd5 5. Bc4 Qc7 6. Qe2 Nb6 7. Bd3 Nc6 8. Nf3 d5 9. exd6 Qxd6 10. O-O Bg4 11. Bg5 e6 12. Bh4 Be7 13. Bg3 Qd7 14. Rd1 Rd8 15. h3 Bh5 16. Be4 O-O 17. cxd4 Bxf3 18. Qxf3 Nxd4 19. Rxd4 Qxd4 20. Nc3 Nd5 21. Rd1 Qf6 22. Bxd5 exd5 23. Nxd5 Qe6 24. Kh2 Bd6 25. Bxd6 Rxd6 26. Nc3 Rfd8 27. Rxd6 Qxd6+ 28. g3 Qd2 0-1

[Event "Quebec-ch"]
[Site "Montreal CAN"]
[Date "1993.06.01"]
[Round "2"]
[White "O'Donnell, Tom"]
[Black "Ghannoum, Marc"]
[Result "1-0"]
[WhiteElo "2344"]
[BlackElo "2237"]
[PlyCount "39"]
[GameId "2160767912278783"]
[EventDate "1993.05.31"]
[EventType "tourn"]
[EventRounds "9"]
[EventCountry "CAN"]
[SourceTitle "EXT 97"]
[Source "ChessBase"]
[SourceDate "1997.11.17"]
[SourceVersion "1"]
[SourceVersionDate "1997.11.17"]
[SourceQuality "1"]

1. e4 e5 2. Nf3 Nc6 3. Nc3 Nf6 4. d4 exd4 5. Nxd4 Nxe4 6. Nxe4 Qe7 7. Nb5 Qxe4+ 8. Be2 Bb4+ 9. c3 Ba5 10. O-O O-O 11. a4 Bb6 12. Bd3 Qh4 13. a5 Bxa5 14. Ra4 Qd8 15. Qh5 g6 16. Qh6 f5 17. Bg5 Ne7 18. Re1 Rf7 19. Rxa5 d5 20. Rxa7 1-0

[Event "Quebec-ch"]
[Site "Montreal CAN"]
[Date "1993.06.04"]
[Round "5"]
[White "Barbeau, Sylvain"]
[Black "O'Donnell, Tom"]
[Result "0-1"]
[WhiteElo "2368"]
[BlackElo "2344"]
[PlyCount "102"]
[GameId "2160767912278795"]
[EventDate "1993.05.31"]
[EventType "tourn"]
[EventRounds "9"]
[EventCountry "CAN"]
[SourceTitle "EXT 97"]
[Source "ChessBase"]
[SourceDate "1997.11.17"]
[SourceVersion "1"]
[SourceVersionDate "1997.11.17"]
[SourceQuality "1"]

1. e4 c5 2. Nc3 Nc6 3. g3 g6 4. Bg2 Bg7 5. d3 d6 6. Be3 e6 7. Qd2 Nd4 8. Nd1 Ne7 9. c3 Ndc6 10. Bh6 O-O 11. h4 f6 12. Bxg7 Kxg7 13. Ne3 e5 14. Ne2 Be6 15. h5 g5 16. h6+ Kh8 17. f4 gxf4 18. gxf4 d5 19. f5 Bf7 20. Ng4 Rg8 21. Rh4 Qd6 22. Ng3 d4 23. c4 a6 24. Kf2 b5 25. b3 bxc4 26. bxc4 Rab8 27. Bf3 Rb6 28. Rhh1 Rgb8 29. Rhc1 Ng8 30. Bd1 Be8 31. Kf3 Nd8 32. Kg2 R8b7 33. Nf2 Qf8 34. Ng4 Nf7 35. Bb3 Ngxh6 36. Nf2 Ng5 37. Qa5 Qd6 38. Rh1 Ng8 39. Rh4 Rb4 40. Rah1 Qb6 41. Qa3 a5 42. Bd1 a4 43. Bh5 Bxh5 44. Rxh5 Qa5 45. Rxg5 fxg5 46. Qc1 Rb2 47. Qxg5 Qd2 48. Qxd2 Rxd2 49. a3 Rbb2 50. Rf1 Rxd3 51. Nh5 Nh6 0-1

[Event "Quebec-ch"]
[Site "Montreal CAN"]
[Date "1993.06.07"]
[Round "6"]
[White "O'Donnell, Tom"]
[Black "Ross, Dave"]
[Result "1/2-1/2"]
[WhiteElo "2344"]
[BlackElo "2225"]
[PlyCount "66"]
[GameId "2160767912278804"]
[EventDate "1993.05.31"]
[EventType "tourn"]
[EventRounds "9"]
[EventCountry "CAN"]
[SourceTitle "EXT 97"]
[Source "ChessBase"]
[SourceDate "1997.11.17"]
[SourceVersion "1"]
[SourceVersionDate "1997.11.17"]
[SourceQuality "1"]

1. e4 Nf6 2. e5 Nd5 3. d4 d6 4. Nf3 dxe5 5. Nxe5 Nd7 6. Nf3 e6 7. c4 N5f6 8. Nc3 Be7 9. Be2 O-O 10. O-O c5 11. h3 a6 12. Be3 cxd4 13. Nxd4 Qc7 14. Rc1 Rd8 15. Qc2 Ne5 16. Rfd1 Ng6 17. Na4 Rb8 18. a3 Bd7 19. Qb3 Be8 20. Bf1 Ne4 21. Qc2 Nf6 22. b4 Ne5 23. Qb3 Ned7 24. Be2 Nf8 25. Nb2 Ng6 26. Bf1 Bd6 27. Nd3 Be7 28. a4 Nd7 29. a5 h6 30. Qa2 Nde5 31. Nxe5 Nxe5 32. Nb5 axb5 33. cxb5 Nf3+ 1/2-1/2

[Event "Quebec-ch"]
[Site "Montreal CAN"]
[Date "1993.06.09"]
[Round "8"]
[White "O'Donnell, Tom"]
[Black "Berube, Richard"]
[Result "1-0"]
[WhiteElo "2344"]
[BlackElo "2281"]
[PlyCount "77"]
[GameId "2160767912278814"]
[EventDate "1993.05.31"]
[EventType "tourn"]
[EventRounds "9"]
[EventCountry "CAN"]
[SourceTitle "EXT 97"]
[Source "ChessBase"]
[SourceDate "1997.11.17"]
[SourceVersion "1"]
[SourceVersionDate "1997.11.17"]
[SourceQuality "1"]

1. e4 c5 2. c3 d5 3. exd5 Qxd5 4. d4 e6 5. Nf3 Nf6 6. Bd3 cxd4 7. cxd4 Nc6 8. Nc3 Qd8 9. O-O Be7 10. a3 O-O 11. Bc2 b6 12. Qd3 Bb7 13. Re1 g6 14. Bh6 Re8 15. h4 Nd5 16. h5 Bf6 17. Ne4 Bg7 18. Bg5 Qd7 19. hxg6 hxg6 20. Rac1 e5 21. Ba4 exd4 22. Nxd4 Bxd4 23. Qxd4 Nxd4 24. Bxd7 f5 25. Bxe8 Rxe8 26. Nd6 Rxe1+ 27. Rxe1 Ba6 28. Re8+ Kg7 29. Re5 Ne2+ 30. Kh2 Ndf4 31. g3 Nh5 32. Re7+ Kg8 33. Rxa7 Bd3 34. Ra8+ Kg7 35. Rd8 Ba6 36. b4 Bd3 37. Ne8+ Kf7 38. Rxd3 Kxe8 39. Re3+ 1-0